书目信息 |
| 题名: |
动物画技法
|
|
| 作者: | 赫尔脱格仑 绘 ;付启源 , 曾文朗 译 | |
| 分册: | ||
| 出版信息: | 北京 人民美术出版社 1958 |
|
| 页数: | 134页 | |
| 开本: | 26cm | |
| 丛书名: | ||
| 单 册: | ||
| 中图分类: | J211.28 | |
| 科图分类: | ||
| 主题词: | 动物画--技法(美术) | |
| 电子资源: | ||
| ISBN: | 8027.1390 | |
| 000 | 00733cam0 2200253 450 | |
| 001 | 0105437297 | |
| 005 | 20070523134335.0 | |
| 010 | @a8027.1390@dCNY1.35 | |
| 091 | @a8027.1390 | |
| 100 | @a19961012d1958 em y0chiy0110 ea | |
| 101 | 1 | @achi@ceng |
| 102 | @aCN@b110000 | |
| 105 | @aa z 000yy | |
| 106 | @ar | |
| 200 | 1 | @a动物画技法@9Dong Wu Hua Ji Fa @f(美)赓·赫尔脱格仑编绘@g傅启源,曾文朗译@b专著 |
| 210 | @a北京@c人民美术出版社@d1958 | |
| 215 | @a134页@d26cm | |
| 606 | 0 | @a动物画@x技法(美术) |
| 690 | @aJ211.28@v3 | |
| 701 | 1 | @a赫尔脱格仑@9he er tuo ge lun@b赓·@4绘 |
| 702 | 0 | @a付启源@9fu qi yuan@4译 |
| 702 | 0 | @a曾文朗@9zeng wen lang@4译 |
| 801 | 0 | @aCN@bAiZhiMarc |
| 905 | @aBZT@dJ211.28@e70@f3@sJ211.28/70 | |
| 动物画技法/(美)赓·赫尔脱格仑编绘/傅启源,曾文朗译.-北京:人民美术出版社,1958 |
| 134页;26cm |
| ISBN 8027.1390:CNY1.35 |
| ● |
| 相关链接 |
|
|
|
正题名:动物画技法
索取号:J211.28/70
 
预约/预借
| 序号 | 登录号 | 条形码 | 馆藏地/架位号 | 状态 | 备注 |
| 1 | 2000139798 | 2000139798 | 旧书回溯/ [索取号:J211.28/70] | 在馆 | |
| 2 | 2000139799 | 2000139799 | 旧书回溯/ [索取号:J211.28/70] | 在馆 | |
| 3 | 2000139800 | 2000139800 | 旧书回溯/ [索取号:J211.28/70] | 在馆 |